000 00537cam a2200145 4500500
005 20251228072920.0
041 _afre
042 _adc
100 1 0 _aChevrier, Marc
_eauthor
245 0 0 _aJoseph Yvon THÉRIAULT, Critique de l’américanité : mémoire et démocratie au Québec, Montréal, Québec-Amérique, 2002, 373 p.
260 _c2005.
500 _a43
786 0 _nCités | 23 | 3 | 2005-09-01 | p. 245j-272j | 1299-5495
856 4 1 _uhttps://shs.cairn.info/revue-cites-2005-3-page-245j?lang=fr&redirect-ssocas=7080
999 _c1594436
_d1594436